Central Library and Information Centre
Sibsagar Girls' College, Sivasagar : Assam

UCHATTAR MADHYAMIK SHIKSA (Record no. 3980)

MARC details
000 -LEADER
fixed length control field 00415cam a2200181ua 4500
008 - FIXED-LENGTH DATA ELEMENTS--GENERAL INFORMATION
fixed length control field 191122n1988 II |||gr||||Z||||||asm
040 ## - CATALOGING SOURCE
Original cataloging agency MAIN
041 ## - LANGUAGE CODE
-- English
041 ## - LANGUAGE CODE
-- asm
082 ## - DEWEY DECIMAL CLASSIFICATION NUMBER
Classification number 373 DAS
100 ## - MAIN ENTRY--PERSONAL NAME
Personal name DAS, LAKHYAHIRA
245 ## - TITLE STATEMENT
Title UCHATTAR MADHYAMIK SHIKSA
260 ## - PUBLICATION, DISTRIBUTION, ETC.
Place of publication, distribution, etc. GUWAHATI
Name of publisher, distributor, etc. SANGAM PRAKASH
Date of publication, distribution, etc. 1988
300 ## - PHYSICAL DESCRIPTION
Extent 137.:
Dimensions 20CM.
942 ## - ADDED ENTRY ELEMENTS (KOHA)
Koha item type Books
653 ## - INDEX TERM--UNCONTROLLED
Uncontrolled term Secondary education
Holdings
Withdrawn status Lost status Damaged status Not for loan Collection code Home library Current library Shelving location Date acquired Full call number Barcode Date last seen Copy number Price effective from Koha item type Public note
Withdrawn   Damaged   TBEDU Central Library and Information Centre Sibsagar Girls College Central Library and Information Centre Sibsagar Girls College EDUCATION BOOK RACK 06.06.1990 373 DAS 12253 27.02.2020 1 27.02.2020 Books V


Sibsagar Girl's College © 2020. All rights reserved.
Powered by Koha.
Maintained by Abhijit Borpuzari.